[Event "Winnipeg TNT 2026.01"]
[Site "Winnipeg CAN"]
[Date "2026.01.06"]
[Round "1.6"]
[White "Upadhyay, Jigar"]
[Black "Rutter, Blair"]
[Result "0-1"]
[WhiteElo "1515"]
[BlackElo "1904"]
[WhiteFideId "-1"]
[BlackFideId "-1"]
[PlyCount "98"]
[GameId "2274319460600605"]
[EventDate "2026.01.06"]
[EventType "swiss"]
[EventRounds "4"]
[EventCountry "CAN"]

1. e4 e6 2. d4 d5 3. e5 c5 4. Nf3 Nc6 5. Bb5 Qb6 6. Nc3 Nge7 7. Bg5 Bd7 8. O-O cxd4 9. Nxd4 Qxd4 10. Bxc6 Nxc6 11. Nb5 Qb6 12. c4 Nxe5 13. Rc1 Nxc4 14. b3 Bxb5 15. bxc4 Bxc4 16. Re1 Be7 17. Be3 Qa6 18. Bd4 O-O 19. Qg4 e5 20. Rxe5 Bf6 21. Re7 Bxd4 22. Qxd4 b5 23. h4 Qb6 24. Qb2 Rfe8 25. Rce1 Rxe7 26. Rxe7 Qd6 27. Re3 d4 28. Rg3 f6 29. a4 a6 30. h5 Re8 31. Qd2 f5 32. h6 g6 33. axb5 axb5 34. Qa5 Qe7 35. Kh2 d3 36. Re3 Qd6+ 37. g3 Rxe3 38. fxe3 Kf7 39. Qa7+ Qe7 40. Qd4 Ke8 41. Kg1 g5 42. Kf2 f4 43. Qh8+ Kd7 44. Qd4+ Kc6 45. gxf4 gxf4 46. e4 Qh4+ 47. Kg1 Qg3+ 48. Kh1 Qh3+ 49. Kg1 Qe3+ 0-1

[Event "Winnipeg TNT 2026.01"]
[Site "Winnipeg CAN"]
[Date "2026.01.06"]
[Round "1.7"]
[White "Kuryliw, Ray"]
[Black "Trueman, Francis"]
[Result "1-0"]
[WhiteElo "1893"]
[BlackElo "1401"]
[WhiteFideId "-1"]
[BlackFideId "-1"]
[PlyCount "119"]
[GameId "2274319460600606"]
[EventDate "2026.01.06"]
[EventType "swiss"]
[EventRounds "4"]
[EventCountry "CAN"]

1. d4 d6 2. Nc3 Nd7 3. e4 e5 4. Nf3 Ngf6 5. Bc4 Be7 6. h3 h5 7. Be3 O-O 8. Qd2 a5 9. a3 c6 10. d5 a4 11. b4 axb3 12. Bxb3 Qa5 13. O-O Nc5 14. Ng5 Nxb3 15. cxb3 Qd8 16. f4 Nh7 17. Nxh7 Kxh7 18. f5 f6 19. Qe2 Qe8 20. g4 g6 21. Kf2 h4 22. a4 b6 23. Rfc1 Ba6 24. Qd2 c5 25. Rcb1 g5 26. b4 cxb4 27. Rxb4 Rb8 28. Rxb6 Rxb6 29. Bxb6 Qc8 30. Rc1 Qc4 31. a5 Rc8 32. Ke3 Qb3 33. Kf2 Qc4 34. Qe2 Qxe2+ 35. Nxe2 Rxc1 36. Nxc1 Kg7 37. Bc7 Kf7 38. Ne2 Ke8 39. Ng1 Kd7 40. Bb6 Kc8 41. Nf3 Kb7 42. Nd2 Bb5 43. Ke1 Ka6 44. Kd1 Bd3 45. Kc1 Kb5 46. Kb2 Kb4 47. Bc7 Bb5 48. Kc2 Ba6 49. Nf3 Be2 50. Kd2 Bc4 51. Ne1 Bf1 52. Nd3+ Kb5 53. Nf2 Kb4 54. Kd1 Bc4 55. Ke1 Bb5 56. Nd1 Bc4 57. Nb2 Ba6 58. Kd2 Bf1 59. Kc2 Bxh3 60. a6 1-0

[Event "Winnipeg TNT 2026.01"]
[Site "Winnipeg CAN"]
[Date "2026.01.06"]
[Round "1.8"]
[White "Cobb, Kyle"]
[Black "Zhang, Nicole"]
[Result "1/2-1/2"]
[WhiteElo "1388"]
[BlackElo "1816"]
[WhiteFideId "-1"]
[BlackFideId "-1"]
[PlyCount "57"]
[GameId "2274319460600607"]
[EventDate "2026.01.06"]
[EventType "swiss"]
[EventRounds "4"]
[EventCountry "CAN"]

1. c4 e5 2. g3 Nf6 3. Bg2 d5 4. cxd5 Nxd5 5. Nc3 Be6 6. Nf3 Nc6 7. O-O Bc5 8. d3 h6 9. a3 a5 10. Qc2 Bb6 11. Bd2 O-O 12. Rab1 Qd7 13. Na4 Ba7 14. Rfd1 Bh3 15. Bh1 Rfe8 16. Nc5 Bxc5 17. Qxc5 b6 18. Qc2 Nd4 19. Nxd4 exd4 20. Qc4 Rad8 21. Bxd5 Qxd5 22. Qxd5 Rxd5 23. e4 dxe3 24. Bxe3 c5 25. b4 axb4 26. axb4 Red8 27. bxc5 bxc5 28. Rdc1 Rxd3 29. Bxc5 1/2-1/2

[Event "Winnipeg TNT 2026.01"]
[Site "Winnipeg CAN"]
[Date "2026.01.06"]
[Round "1.9"]
[White "Zhang, Ian"]
[Black "Zhang, Oscar"]
[Result "1-0"]
[WhiteElo "1805"]
[BlackElo "1387"]
[WhiteFideId "-1"]
[BlackFideId "-1"]
[PlyCount "81"]
[GameId "2274319460600608"]
[EventDate "2026.01.06"]
[EventType "swiss"]
[EventRounds "4"]
[EventCountry "CAN"]

1. e4 e5 2. Nc3 Nf6 3. f4 Nc6 4. fxe5 Nxe5 5. d4 Nc6 6. e5 Ng8 7. Nf3 d5 8. Bb5 a6 9. Bxc6+ bxc6 10. O-O Bb4 11. a3 Bxc3 12. bxc3 Bg4 13. h3 Bh5 14. Be3 Ne7 15. Qd2 h6 16. Nh2 O-O 17. Rf4 Bg6 18. Raf1 Bh7 19. Qf2 Bg6 20. Qe2 Be4 21. R4f2 Qb8 22. Qg4 Bg6 23. Qd7 Qd8 24. Qg4 Qb8 25. Bc1 Qc8 26. Qe2 Qe6 27. Ng4 Bh5 28. Nf6+ Qxf6 29. exf6 Bxe2 30. fxe7 Bxf1 31. exf8=Q+ Rxf8 32. Kxf1 Rb8 33. Ke2 f6 34. Kd2 Kf7 35. Re2 g5 36. Kd3 Rb1 37. Re1 f5 38. c4 Kf6 39. cxd5 cxd5 40. Bxg5+ hxg5 41. Rxb1 1-0

[Event "Winnipeg TNT 2026.01"]
[Site "Winnipeg CAN"]
[Date "2026.01.06"]
[Round "1.10"]
[White "Mandusic, Ante"]
[Black "Jin, Winston"]
[Result "0-1"]
[WhiteElo "1262"]
[BlackElo "1804"]
[WhiteFideId "-1"]
[BlackFideId "-1"]
[PlyCount "72"]
[GameId "2274319460600609"]
[EventDate "2026.01.06"]
[EventType "swiss"]
[EventRounds "4"]
[EventCountry "CAN"]

1. e4 c5 2. d3 e6 3. Nc3 Nc6 4. Bf4 d5 5. Qd2 Nf6 6. O-O-O d4 7. Na4 b5 8. Nxc5 Bxc5 9. Nh3 Qa5 10. Qxa5 Nxa5 11. g3 Bb7 12. Rg1 Nc6 13. e5 Nd5 14. Bd2 Bb4 15. Bxb4 Ncxb4 16. Kb1 Nc6 17. f4 f6 18. exf6 gxf6 19. Bg2 Ne3 20. Rde1 Na5 21. Bxb7 Nxb7 22. Nf2 Na5 23. b4 Nc6 24. h4 Nxb4 25. Rxe3 dxe3 26. Ne4 Ke7 27. Re1 Rac8 28. Rxe3 Nxc2 29. Re2 Nd4 30. Nf2 Nxe2 31. Ne4 Nc3+ 32. Nxc3 Rxc3 33. d4 b4 34. Kb2 a5 35. g4 Rhc8 36. f5 a4 0-1

[Event "Winnipeg TNT 2026.01"]
[Site "Winnipeg CAN"]
[Date "2026.01.13"]
[Round "2.1"]
[White "Nagelberg, Alan"]
[Black "Zhang, Ian"]
[Result "1/2-1/2"]
[WhiteElo "1966"]
[BlackElo "1805"]
[WhiteFideId "-1"]
[BlackFideId "-1"]
[PlyCount "95"]
[GameId "2274319460666148"]
[EventDate "2026.01.06"]
[EventType "swiss"]
[EventRounds "4"]
[EventCountry "CAN"]

1. d4 d5 2. Nf3 Nf6 3. e3 e6 4. Bd3 Bd6 5. Nbd2 c5 6. c3 Nc6 7. O-O O-O 8. dxc5 Bxc5 9. b4 Bd6 10. Bb2 Bd7 11. a3 Ne5 12. Nxe5 Bxe5 13. Nf3 Bc7 14. c4 dxc4 15. Bxc4 Bc6 16. Ne5 Bxe5 17. Bxe5 a6 18. Qe2 Qe7 19. Bd4 Rfd8 20. Bb6 Rdc8 21. Rfd1 Nd5 22. Bc5 Qg5 23. f4 Qf6 24. Bd4 Qe7 25. Rac1 Ba4 26. Rf1 Rxc4 27. Rxc4 Bb5 28. Rfc1 Bxc4 29. Qxc4 h6 30. Qc5 Qxc5 31. Rxc5 Rd8 32. g3 f5 33. Kf2 g6 34. b5 axb5 35. Rxb5 Rd7 36. Rc5 Rc7 37. Rxc7 Nxc7 38. a4 h5 39. e4 Kf7 40. Ke3 Ke7 41. Bb6 Na6 42. Kd4 Kd6 43. h3 Nb8 44. exf5 gxf5 45. Bc5+ Kc6 46. Bb4 Nd7 47. Be1 Kd6 48. Bb4+ 1/2-1/2

[Event "Winnipeg TNT 2026.01"]
[Site "Winnipeg CAN"]
[Date "2026.01.13"]
[Round "2.2"]
[White "Kuryliw, Ray"]
[Black "Wang, Muyu"]
[Result "1-0"]
[WhiteElo "1893"]
[BlackElo "1976"]
[WhiteFideId "-1"]
[BlackFideId "-1"]
[PlyCount "127"]
[GameId "2274319460666149"]
[EventDate "2026.01.06"]
[EventType "swiss"]
[EventRounds "4"]
[EventCountry "CAN"]

1. d4 d5 2. Bf4 Nf6 3. e3 c5 4. c3 Nc6 5. h3 cxd4 6. exd4 Bf5 7. Nf3 e6 8. Nbd2 Bd6 9. Ne5 O-O 10. Bh2 Qc7 11. f4 Ne4 12. g4 Bg6 13. Bg2 Nxd2 14. Qxd2 Nxe5 15. fxe5 Be7 16. O-O Qb6 17. g5 Rad8 18. Rf2 Bf5 19. Raf1 Qa6 20. a3 Qc4 21. Re1 b5 22. Bf1 Qb3 23. h4 a5 24. Bd3 Bg6 25. Qc2 Qxc2 26. Bxc2 Rc8 27. Bf4 Bxc2 28. Rxc2 b4 29. axb4 axb4 30. Rec1 b3 31. Rg2 Ra8 32. Rf1 Ra2 33. Bc1 Rfa8 34. Rgf2 Rf8 35. Kg2 Ra7 36. Kf3 f6 37. Ke3 fxg5 38. Rxf8+ Bxf8 39. hxg5 Be7 40. Kd3 Ra1 41. Ke2 Bxg5 42. Bxg5 Rxf1 43. Kxf1 h6 44. Be3 g5 45. Ke2 Kg7 46. Kd3 Kg6 47. c4 dxc4+ 48. Kxc4 h5 49. d5 exd5+ 50. Kxd5 h4 51. e6 h3 52. Bg1 g4 53. Bh2 Kf6 54. Kd6 Kg7 55. e7 Kf7 56. Kd7 Kf6 57. e8=Q Kf5 58. Qe2 Kg6 59. Ke6 Kh5 60. Qe5+ Kg6 61. Qf5+ Kg7 62. Be5+ Kh6 63. Kf7 g3 64. Qg6# 1-0

[Event "Winnipeg TNT 2026.01"]
[Site "Winnipeg CAN"]
[Date "2026.01.13"]
[Round "2.3"]
[White "Jin, Winston"]
[Black "Zhou, Zixuan"]
[Result "1/2-1/2"]
[WhiteElo "1804"]
[BlackElo "1908"]
[WhiteFideId "-1"]
[BlackFideId "-1"]
[PlyCount "76"]
[GameId "2274319460666150"]
[EventDate "2026.01.06"]
[EventType "swiss"]
[EventRounds "4"]
[EventCountry "CAN"]

1. e4 e6 2. d4 d5 3. exd5 exd5 4. Nc3 c6 5. Be3 Bf5 6. Nf3 Nf6 7. Bd3 Bg6 8. O-O Bd6 9. Re1 O-O 10. Bg5 Nbd7 11. Ne5 Qb6 12. Bxf6 Nxf6 13. Bxg6 hxg6 14. Rb1 Rfe8 15. Nf3 Rxe1+ 16. Qxe1 Re8 17. Qd2 Bb4 18. Qd3 Ne4 19. Nxe4 Rxe4 20. c3 Bd6 21. Nd2 Re6 22. b4 Qc7 23. g3 Qe7 24. Kf1 b5 25. Nb3 Qf6 26. Re1 Rxe1+ 27. Kxe1 Qe6+ 28. Qe3 Qc8 29. Qg5 Kf8 30. Qh4 Kg8 31. h3 Qe6+ 32. Kd2 Be7 33. Qg4 Qxg4 34. hxg4 Bd8 35. Kc2 Kf8 36. Nc5 Bc7 37. Kb3 Ke7 38. a4 Bb6 1/2-1/2

[Event "Winnipeg TNT 2026.01"]
[Site "Winnipeg CAN"]
[Date "2026.01.13"]
[Round "2.4"]
[White "Rutter, Blair"]
[Black "Atem, James"]
[Result "1/2-1/2"]
[WhiteElo "1904"]
[BlackElo "1801"]
[WhiteFideId "-1"]
[BlackFideId "-1"]
[PlyCount "115"]
[GameId "2274319460666151"]
[EventDate "2026.01.06"]
[EventType "swiss"]
[EventRounds "4"]
[EventCountry "CAN"]

1. c4 Nf6 2. g3 e5 3. Bg2 e4 4. Nc3 Bc5 5. Nxe4 Nxe4 6. Bxe4 O-O 7. d4 Bb4+ 8. Bd2 Qe7 9. Bg2 Re8 10. Nf3 Nc6 11. e3 d6 12. O-O Bg4 13. Bxb4 Nxb4 14. Qb3 c5 15. h3 Bf5 16. a3 Na6 17. Nh4 Bc8 18. Rad1 Qc7 19. Rfe1 Rb8 20. Qc2 b5 21. b3 g6 22. Kh2 Qb6 23. Bf1 bxc4 24. Bxc4 cxd4 25. Rxd4 Bb7 26. Red1 Rbd8 27. Nxg6 d5 28. Bxa6 Qxa6 29. Nh4 Bc8 30. Rxd5 Rxd5 31. Rxd5 Qf6 32. f4 Be6 33. Re5 Rc8 34. Rc5 Rxc5 35. Qxc5 Qb2+ 36. Ng2 Qxb3 37. e4 Qf3 38. f5 Bb3 39. Qe7 h6 40. f6 Be6 41. Qd8+ Kh7 42. Qd4 Qxa3 43. e5 a5 44. g4 Qf3 45. Nf4 Qb3 46. Qe4+ Kg8 47. Qa8+ Kh7 48. Qf8 Qc2+ 49. Kg3 Qc3+ 50. Kf2 Qd2+ 51. Kg3 Qe3+ 52. Kg2 Qd2+ 53. Kf3 Bd5+ 54. Nxd5 Qxd5+ 55. Kf2 Qd4+ 56. Kg2 Qe4+ 57. Kf2 Qf4+ 58. Kg2 1/2-1/2

[Event "Winnipeg TNT 2026.01"]
[Site "Winnipeg CAN"]
[Date "2026.01.13"]
[Round "2.6"]
[White "Zhang, Nicole"]
[Black "Essery, Richard"]
[Result "1-0"]
[WhiteElo "1816"]
[BlackElo "1473"]
[WhiteFideId "-1"]
[BlackFideId "-1"]
[PlyCount "47"]
[GameId "2274319460666153"]
[EventDate "2026.01.06"]
[EventType "swiss"]
[EventRounds "4"]
[EventCountry "CAN"]

1. e4 c5 2. Nf3 d5 3. exd5 Nf6 4. d4 cxd4 5. Nxd4 Nxd5 6. Bc4 e6 7. O-O Bc5 8. Re1 O-O 9. Bxd5 Qxd5 10. Be3 e5 11. Nc3 Qd7 12. Nf3 Bxe3 13. Rxe3 f6 14. Rd3 Qe8 15. Qe2 b6 16. Qe4 Nc6 17. Nd5 Rf7 18. Rad1 Bb7 19. Qg4 Rd8 20. c4 f5 21. Qh4 e4 22. Ng5 g6 23. Nxf7 exd3 24. Nf6+ 1-0

[Event "Winnipeg TNT 2026.01"]
[Site "Winnipeg CAN"]
[Date "2026.01.13"]
[Round "2.7"]
[White "Curtis, Rory"]
[Black "Cobb, Kyle"]
[Result "1/2-1/2"]
[WhiteElo "1755"]
[BlackElo "1388"]
[WhiteFideId "-1"]
[BlackFideId "-1"]
[PlyCount "58"]
[GameId "2274319460666154"]
[EventDate "2026.01.06"]
[EventType "swiss"]
[EventRounds "4"]
[EventCountry "CAN"]

1. d4 Nf6 2. c4 g6 3. Nc3 d5 4. Bf4 Bg7 5. Nf3 O-O 6. e3 a6 7. Rc1 dxc4 8. Bxc4 b5 9. Be2 Nh5 10. Be5 Nd7 11. O-O Nxe5 12. Nxe5 Bxe5 13. Bxh5 Bg7 14. Bf3 Rb8 15. Nd5 c6 16. Nb4 Qd6 17. Nxc6 Rb6 18. Na5 e5 19. Nb3 f5 20. dxe5 Bxe5 21. Nd4 g5 22. Rc6 Rxc6 23. Nxc6 Bxh2+ 24. Kh1 Qh6 25. Ne7+ Kh8 26. Bh5 Be5 27. Nxc8 g4 28. f4 Qxh5+ 29. Kg1 Bf6 1/2-1/2

[Event "Winnipeg TNT 2026.01"]
[Site "Winnipeg CAN"]
[Date "2026.01.13"]
[Round "2.9"]
[White "Trueman, Francis"]
[Black "Sharma, Sushant"]
[Result "0-1"]
[WhiteElo "1401"]
[BlackElo "1720"]
[WhiteFideId "-1"]
[BlackFideId "-1"]
[PlyCount "84"]
[GameId "2274319460666156"]
[EventDate "2026.01.06"]
[EventType "swiss"]
[EventRounds "4"]
[EventCountry "CAN"]

1. e4 e5 2. Nf3 Nc6 3. d3 Bc5 4. g3 d6 5. Nbd2 Nf6 6. Bg2 Bg4 7. O-O Qd7 8. a4 a5 9. c3 h6 10. Qc2 Bh3 11. Nc4 Bxg2 12. Kxg2 O-O 13. Qe2 Nh7 14. h4 f5 15. exf5 Rxf5 16. Nh2 Raf8 17. Be3 Ne7 18. Bxc5 dxc5 19. Nxa5 Qd5+ 20. Qe4 b6 21. Nc4 Nf6 22. Qxd5+ Nexd5 23. a5 bxa5 24. Ne3 Nxe3+ 25. fxe3 Nd5 26. Kg1 Nxe3 27. Rxf5 Nxf5 28. Rxa5 Nxg3 29. Rxc5 Ne2+ 30. Kh1 Nf4 31. Rxe5 Nxd3 32. Re2 Rf4 33. Rd2 Ne5 34. Re2 Nc4 35. b3 Nd6 36. Re7 c5 37. Re5 Ne4 38. h5 Nxc3 39. Rxc5 Ne2 40. Kg2 Rb4 41. Rc7 Nf4+ 42. Kg3 Nxh5+ 0-1

[Event "Winnipeg TNT 2026.01"]
[Site "Winnipeg CAN"]
[Date "2026.01.13"]
[Round "2.10"]
[White "Zhang, Oscar"]
[Black "Gannon, Keith"]
[Result "0-1"]
[WhiteElo "1387"]
[BlackElo "1575"]
[WhiteFideId "-1"]
[BlackFideId "-1"]
[PlyCount "84"]
[GameId "2274319460666157"]
[EventDate "2026.01.06"]
[EventType "swiss"]
[EventRounds "4"]
[EventCountry "CAN"]

1. e4 c5 2. Nf3 d6 3. d4 cxd4 4. Nxd4 Nf6 5. Nc3 e6 6. Bg5 Be7 7. Bb5+ Bd7 8. Bxd7+ Nbxd7 9. O-O O-O 10. f4 Nc5 11. e5 dxe5 12. fxe5 Nfd7 13. Bxe7 Qxe7 14. Nf3 Rfd8 15. Qe2 Na6 16. Rfd1 Qc5+ 17. Kh1 Nf8 18. Ne4 Qc7 19. Nc3 Rxd1+ 20. Rxd1 Rd8 21. Rd2 Ng6 22. Qd1 Rxd2 23. Qxd2 h6 24. Qe2 Nb8 25. Nb5 Qb6 26. b3 Nc6 27. Nd6 Ncxe5 28. Nxe5 Qxd6 29. Nxg6 fxg6 30. h3 g5 31. a4 a6 32. Qd3 Qxd3 33. cxd3 Kf7 34. g3 Kf6 35. Kg2 Ke5 36. Kf2 h5 37. g4 hxg4 38. hxg4 Kf4 39. b4 Kxg4 40. Kg2 e5 41. Kh2 Kf3 42. Kg1 Ke2 0-1

[Event "Winnipeg TNT 2026.01"]
[Site "Winnipeg CAN"]
[Date "2026.01.13"]
[Round "2.12"]
[White "Zhang, Chloe"]
[Black "Pacin, Ondrej"]
[Result "0-1"]
[WhiteElo "1107"]
[BlackElo "1427"]
[WhiteFideId "-1"]
[BlackFideId "-1"]
[PlyCount "78"]
[GameId "2274319460666159"]
[EventDate "2026.01.06"]
[EventType "swiss"]
[EventRounds "4"]
[EventCountry "CAN"]

1. e3 d5 2. Be2 e5 3. Nf3 e4 4. Nd4 c5 5. Nb5 a6 6. N5c3 Nf6 7. d4 Nc6 8. dxc5 Bxc5 9. O-O O-O 10. Na4 Ba7 11. Nbc3 b5 12. b3 bxa4 13. bxa4 Bb8 14. Ba3 Re8 15. h3 Bd6 16. Bxd6 Qxd6 17. Bh5 Qe5 18. Ne2 Nxh5 19. Ng3 Nxg3 20. fxg3 Rf8 21. g4 Be6 22. Qe1 Rab8 23. Qh4 h6 24. Rab1 Rxb1 25. Rxb1 Rb8 26. Rxb8+ Qxb8 27. Qe1 Qb4 28. Qxb4 Nxb4 29. Kf2 Nxa2 30. Ke2 Nc3+ 31. Kd2 Nxa4 32. c3 Nc5 33. Ke2 a5 34. Kd2 a4 35. Kc2 f5 36. gxf5 Bxf5 37. Kb2 Bd7 38. Ka3 Nb3 39. g4 Nd2 0-1

[Event "Winnipeg TNT 2026.01"]
[Site "Winnipeg CAN"]
[Date "2026.01.20"]
[Round "3.1"]
[White "Zhou, Zixuan"]
[Black "Kuryliw, Ray"]
[Result "1-0"]
[WhiteElo "1908"]
[BlackElo "1893"]
[WhiteFideId "-1"]
[BlackFideId "-1"]
[PlyCount "43"]
[GameId "2274319460666160"]
[EventDate "2026.01.06"]
[EventType "swiss"]
[EventRounds "4"]
[EventCountry "CAN"]

1. Nf3 d5 2. e3 g6 3. c4 c6 4. Nc3 Nf6 5. b3 Bg7 6. Bb2 O-O 7. d4 Bg4 8. Bd3 Re8 9. h3 Bxf3 10. Qxf3 Na6 11. O-O Nb4 12. Be2 a5 13. Rac1 dxc4 14. Bxc4 Nbd5 15. Bxd5 Nxd5 16. Nxd5 cxd5 17. Rc5 e6 18. Rfc1 Bf8 19. Rc7 Re7 20. Qf4 Rxc7 21. Rxc7 Bd6 22. Qxf7+ 1-0

[Event "Winnipeg TNT 2026.01"]
[Site "Winnipeg CAN"]
[Date "2026.01.20"]
[Round "3.2"]
[White "Atem, James"]
[Black "Nagelberg, Alan"]
[Result "1-0"]
[WhiteElo "1801"]
[BlackElo "1966"]
[WhiteFideId "-1"]
[BlackFideId "-1"]
[PlyCount "151"]
[GameId "2274319460666161"]
[EventDate "2026.01.06"]
[EventType "swiss"]
[EventRounds "4"]
[EventCountry "CAN"]

1. e4 Nf6 2. e5 Nd5 3. Bc4 Nb6 4. Bb3 d5 5. exd6 cxd6 6. Qf3 d5 7. Ne2 e5 8. d3 Be6 9. O-O Be7 10. Nbc3 O-O 11. a4 a5 12. Nb5 Nc6 13. c3 e4 14. Qe3 d4 15. Nexd4 Nxd4 16. Nxd4 Bxb3 17. Nxb3 exd3 18. Nd4 Nc4 19. Qxd3 Qc7 20. Nb5 Qc6 21. b3 Ne5 22. Qe2 Ng6 23. Qg4 Ra6 24. Be3 Ne5 25. Qf5 Ng6 26. g3 Bf6 27. Bd4 Bxd4 28. cxd4 Rd8 29. Rac1 Qf6 30. Qxf6 Rxf6 31. Rc7 b6 32. Kg2 Kf8 33. Re1 h5 34. d5 Rf5 35. d6 Ne5 36. Nd4 Nd3 37. Re2 Re5 38. Rd2 Nb4 39. Nb5 g5 40. Rb7 Nd5 41. h3 Kg7 42. d7 Kf6 43. Nd6 Ke6 44. Nc4 Re4 45. Nxb6 Nxb6 46. Rxb6+ Ke7 47. Rb5 Rb4 48. Rxg5 Rxb3 49. Rxh5 Rxd7 50. Rxd7+ Kxd7 51. Rxa5 Ra3 52. Ra6 Ke7 53. h4 Kf8 54. a5 Kg7 55. h5 Ra2 56. g4 Ra3 57. f3 Ra4 58. Kg3 Ra3 59. g5 Ra1 60. h6+ Kh7 61. Ra7 Kg6 62. f4 Ra3+ 63. Kg4 Ra1 64. Ra6+ Kh7 65. Rf6 Rxa5 66. Rxf7+ Kg8 67. g6 Ra8 68. Kg5 Rb8 69. f5 Ra8 70. Rd7 Kh8 71. Kf6 Ra6+ 72. Ke7 Ra8 73. Rd8+ Rxd8 74. Kxd8 Kg8 75. Ke7 Kh8 76. f6 1-0

[Event "Winnipeg TNT 2026.01"]
[Site "Winnipeg CAN"]
[Date "2026.01.20"]
[Round "3.3"]
[White "Zhang, Ian"]
[Black "Green, Jim"]
[Result "1-0"]
[WhiteElo "1805"]
[BlackElo "1850"]
[WhiteFideId "-1"]
[BlackFideId "-1"]
[PlyCount "89"]
[GameId "2274319460666162"]
[EventDate "2026.01.06"]
[EventType "swiss"]
[EventRounds "4"]
[EventCountry "CAN"]

1. e4 c5 2. Nc3 Nc6 3. f4 e6 4. Nf3 Nge7 5. Bb5 a6 6. Bxc6 Nxc6 7. d3 Be7 8. O-O O-O 9. a3 b5 10. Qe1 Bb7 11. Qg3 b4 12. Ne2 f5 13. exf5 exf5 14. Bd2 a5 15. axb4 axb4 16. Ne5 d6 17. Nxc6 Bxc6 18. d4 Bb5 19. Qf3 d5 20. Rfe1 Qd6 21. dxc5 Qxc5+ 22. Be3 Qd6 23. Nd4 Bd7 24. Nb3 Rxa1 25. Rxa1 Rc8 26. Qf2 Qc6 27. Nd4 Qf6 28. Qf3 Qf7 29. Ra5 Bc5 30. Qd1 Qe7 31. Qd2 Re8 32. Bf2 Bxd4 33. Qxd4 Bc6 34. Ra7 Qf8 35. Rc7 Rc8 36. Rxc6 Rxc6 37. Qxd5+ Kh8 38. Qxc6 Qd8 39. h3 Qd1+ 40. Kh2 h6 41. Qc8+ Kh7 42. Qxf5+ Kh8 43. Qd3 Qc1 44. Qd4 Qxc2 45. Be1 1-0

[Event "Winnipeg TNT 2026.01"]
[Site "Winnipeg CAN"]
[Date "2026.01.20"]
[Round "3.4"]
[White "Pacin, Ondrej"]
[Black "Zhang, Nicole"]
[Result "0-1"]
[WhiteElo "1427"]
[BlackElo "1816"]
[WhiteFideId "-1"]
[BlackFideId "-1"]
[PlyCount "88"]
[GameId "2274319460666163"]
[EventDate "2026.01.06"]
[EventType "swiss"]
[EventRounds "4"]
[EventCountry "CAN"]

1. e4 e5 2. Nf3 Nc6 3. Bc4 Bc5 4. c3 Nf6 5. d4 exd4 6. cxd4 Bb4+ 7. Nc3 Nxe4 8. O-O Nxc3 9. bxc3 Bxc3 10. Ba3 d5 11. Rc1 Bb4 12. Bxb4 Nxb4 13. Qa4+ Nc6 14. Rfe1+ Be6 15. Bb5 O-O 16. Bxc6 bxc6 17. Qxc6 Rc8 18. Ne5 Qg5 19. Nf3 Qe7 20. Qxd5 Bxd5 21. Rxe7 Bxa2 22. Rcxc7 Rxc7 23. Rxc7 Rb8 24. h3 Ra8 25. Kf1 a5 26. Ke1 Re8+ 27. Kd2 a4 28. Ra7 Bb3 29. Ne1 g6 30. Nd3 Re4 31. Kc3 Re2 32. Ra5 Rc2+ 33. Kb4 Rc4+ 34. Kb5 Rxd4 35. Nc5 Bc4+ 36. Kc6 Bd5+ 37. Kb5 Bxg2 38. Rxa4 Rxa4 39. Nxa4 Bxh3 40. Kc4 Kg7 41. Kd3 h5 42. Nc3 Kf6 43. Ke3 Kf5 44. Kf3 h4 0-1

[Event "Winnipeg TNT 2026.01"]
[Site "Winnipeg CAN"]
[Date "2026.01.20"]
[Round "3.5"]
[White "Wang, Muyu"]
[Black "Jin, Winston"]
[Result "1-0"]
[WhiteElo "1976"]
[BlackElo "1804"]
[WhiteFideId "-1"]
[BlackFideId "-1"]
[PlyCount "65"]
[GameId "2274319460666164"]
[EventDate "2026.01.06"]
[EventType "swiss"]
[EventRounds "4"]
[EventCountry "CAN"]

1. d4 d5 2. Bf4 Bf5 3. Nc3 Nf6 4. f3 e6 5. g4 Bg6 6. h4 h5 7. g5 Nfd7 8. e3 c5 9. Bd3 Bxd3 10. Qxd3 Nc6 11. a3 Qb6 12. O-O-O c4 13. Qd2 Qa6 14. e4 O-O-O 15. exd5 exd5 16. Nxd5 b5 17. Nc7 Qa4 18. d5 Na5 19. d6 Nc5 20. Qd5 Nab7 21. Qc6 b4 22. Nb5+ Kb8 23. d7+ Bd6 24. Bxd6+ Nxd6 25. Qxd6+ Kb7 26. Qxc5 b3 27. Qc7+ Ka8 28. Qc6+ Kb8 29. Re1 Qa5 30. Nh3 Rhg8 31. Nf4 Rh8 32. Re5 Rhg8 33. Rhe1 1-0

[Event "Winnipeg TNT 2026.01"]
[Site "Winnipeg CAN"]
[Date "2026.01.20"]
[Round "3.6"]
[White "Gannon, Keith"]
[Black "Protsiuk, Svitlana"]
[Result "0-1"]
[WhiteElo "1575"]
[BlackElo "2090"]
[WhiteFideId "-1"]
[BlackFideId "-1"]
[PlyCount "40"]
[GameId "2274319460666165"]
[EventDate "2026.01.06"]
[EventType "swiss"]
[EventRounds "4"]
[EventCountry "CAN"]

1. Nc3 c5 2. Nf3 Nc6 3. e4 e5 4. d3 g6 5. b3 Bg7 6. Bb2 Nge7 7. Be2 d6 8. O-O h6 9. a4 Be6 10. Re1 Qd7 11. Bf1 f5 12. Ne2 f4 13. c4 g5 14. h3 Bf6 15. Rb1 h5 16. Bc3 g4 17. hxg4 hxg4 18. Nh2 Ng6 19. b4 Qh7 20. Nxg4 Qh1# 0-1

[Event "Winnipeg TNT 2026.01"]
[Site "Winnipeg CAN"]
[Date "2026.01.20"]
[Round "3.7"]
[White "Cobb, Kyle"]
[Black "Ling, Aiden"]
[Result "0-1"]
[WhiteElo "1388"]
[BlackElo "1756"]
[WhiteFideId "-1"]
[BlackFideId "-1"]
[PlyCount "50"]
[GameId "2274319460666166"]
[EventDate "2026.01.06"]
[EventType "swiss"]
[EventRounds "4"]
[EventCountry "CAN"]

1. c4 c5 2. g3 e6 3. Bg2 Nf6 4. Nf3 d5 5. O-O Nc6 6. e3 Be7 7. d4 O-O 8. b3 cxd4 9. cxd5 Nxd5 10. Nxd4 Nxd4 11. exd4 Bd7 12. Nd2 Rc8 13. Bb2 Bb5 14. Re1 Bb4 15. a3 Bc3 16. Bxc3 Nxc3 17. Qg4 f5 18. Qh5 Qxd4 19. Nf3 Ne2+ 20. Kh1 Qxf2 21. Ng5 h6 22. Nxe6 Rfe8 23. Bd5 Kh8 24. a4 Bc6 25. Rxe2 Bxd5+ 0-1

[Event "Winnipeg TNT 2026.01"]
[Site "Winnipeg CAN"]
[Date "2026.01.20"]
[Round "3.10"]
[White "Letain, Cory"]
[Black "Essery, Richard"]
[Result "0-1"]
[WhiteElo "1715"]
[BlackElo "1473"]
[WhiteFideId "-1"]
[BlackFideId "-1"]
[PlyCount "64"]
[GameId "2274319460666169"]
[EventDate "2026.01.06"]
[EventType "swiss"]
[EventRounds "4"]
[EventCountry "CAN"]

1. e4 c5 2. Nf3 d5 3. exd5 Nf6 4. d4 cxd4 5. Nxd4 Nxd5 6. Bc4 e6 7. O-O Be7 8. Re1 O-O 9. Qe2 b6 10. Nf5 Bf6 11. Nh6+ gxh6 12. Bxh6 Bg7 13. Bxg7 Kxg7 14. Nd2 Bb7 15. Rad1 Qg5 16. Nf3 Qf6 17. Ne5 Kh8 18. Ng4 Qg7 19. Bxd5 Bxd5 20. g3 Qxb2 21. Rxd5 exd5 22. Qe7 Nc6 23. Qd7 Qc3 24. Re3 Qc5 25. Nh6 d4 26. Rf3 Ne5 27. Qf5 Nxf3+ 28. Qxf3 Qe7 29. Qd5 Rae8 30. Qxd4+ Qe5 31. Qh4 Qe1+ 32. Kg2 Qe4+ 0-1

[Event "Winnipeg TNT 2026.01"]
[Site "Winnipeg CAN"]
[Date "2026.01.20"]
[Round "3.11"]
[White "Zhang, Oscar"]
[Black "Wang, Elvis"]
[Result "0-1"]
[WhiteElo "1387"]
[BlackElo "1546"]
[WhiteFideId "-1"]
[BlackFideId "-1"]
[PlyCount "110"]
[GameId "2274319460666170"]
[EventDate "2026.01.06"]
[EventType "swiss"]
[EventRounds "4"]
[EventCountry "CAN"]

1. e4 e6 2. d4 d5 3. Nc3 c5 4. dxc5 d4 5. Nb1 Bxc5 6. c3 Nc6 7. Nf3 Qb6 8. Qc2 e5 9. Bd3 Nf6 10. O-O h6 11. h3 O-O 12. Na3 Bxa3 13. bxa3 dxc3 14. Qxc3 Re8 15. Be3 Qc7 16. Rfe1 Bd7 17. Rad1 Rac8 18. Rc1 Qd8 19. Qb3 b6 20. Red1 Qe7 21. Bd2 Be6 22. Qb2 Red8 23. Bb4 Nxb4 24. Rxc8 Bxc8 25. Qxb4 Qxb4 26. axb4 Nxe4 27. Nxe5 Ba6 28. Bc2 Rxd1+ 29. Bxd1 Bb7 30. Bb3 Nd6 31. g3 Kf8 32. h4 f6 33. Nd3 Ke7 34. Kf1 Ba6 35. Ke2 Nb5 36. Ke3 Kd6 37. Ke4 Bb7+ 38. Ke3 Nc7 39. Kd4 Ne6+ 40. Ke3 g5 41. hxg5 hxg5 42. f4 gxf4+ 43. Nxf4 Nxf4 44. gxf4 Bd5 45. Bxd5 Kxd5 46. Kd3 b5 47. a3 f5 48. Ke3 Kc4 49. Kd2 Kb3 50. Ke3 Kxa3 51. Kd4 Kxb4 52. Ke5 a5 53. Kxf5 a4 54. Kg5 a3 55. f5 a2 0-1